000 00281nam a2200097Ia 4500
082 _a338.927 RAAT
245 0 _aBuilding capacity for sustainable living
100 _a Raath, S. P. Centurion [South Africa], 2006
942 _cBK
008 210817s9999 xx 000 0 und d
999 _c228475
_d228473